MARC

LEADER 00000nab a2200000 a 4500
001 vtls011592795
003 SK-MaSNL
005 20260304233815.0
008 161114c2016 xo er p 000 c0ukr
015 |a SNBRB2016/11 
038 |a SVKPOCL 
040 |a SVKPOCL  |b slo  |c SVKPOCL  |e AACR2 
041 0 |a ukr 
044 |a xo  |c SK 
080 |a 80(=16)+908(4)  |2 2011 
080 |a 80(=161.25)+908(437.6)  |2 2011 
080 |a 581  |2 2011 
080 |a 581.527  |2 2011 
080 |a 581.9  |2 2011 
080 |a 929 Vološčak, Ostap  |2 2011 
080 |a 34-051  |2 2011 
080 |a 378.011.3-051  |2 2011 
100 1 |a Lattová, Teodózia,  |d 1949-  |4 aut  |9 110367 
245 1 0 |a [Ostap Vološčak]  |c [prypravyla] -tl- 
500 |a V rubrike Inforičnŷj kalendar' 
500 |a -tl- pozri Lattová, Teodózia 
600 1 7 |a Vološčak, Ostap,  |d 1835-1918  |2 svkpocl  |9 1569919 
650 0 7 |a botanici  |2 svkpocl  |9 54529 
650 0 7 |a rodáci  |2 svkpocl  |9 30842 
650 0 7 |a slavistika  |2 svkpocl  |9 4282 
650 0 7 |a floristika  |2 svkpocl  |9 90155 
650 0 7 |a geografická botanika  |2 svkpocl  |9 691 
650 0 7 |a právnici  |2 svkpocl  |9 2687 
650 0 7 |a vysokoškolskí učitelia  |2 svkpocl  |9 66590 
650 0 7 |a osobnosti  |2 svkpocl  |9 29820 
650 0 7 |a rusinistika  |2 svkpocl  |9 90871 
651 7 |a Javoriv (Ukrajina)  |2 svkpocl  |9 1569920 
651 7 |a Budapešť (Maďarsko)  |2 svkpocl  |9 17734 
651 7 |a Ľvov (Ukrajina)  |2 svkpocl  |9 29383 
655 7 |a osobnosti  |2 svkpocl  |9 1090808 
773 0 |t Info Rusyn  |g Roč. XIII, č. 11 (2016), s. 8 
852 |a SVKPO  |b KIS3GCP 
856 4 1 |u www.rusyn.sk 
958 |a RN 
958 |a SK 
958 |a SS 
958 |a NM 
958 |a UK 
958 |a HU 
999 |c 3200331  |d 3202261